000 00324nam a22001337a 4500
001 1958
005 20260414135645.0
008 260414b |||||||| |||| 00| 0 eng d
020 _a9781234567890
100 _aSmith, John
245 _aIntroduction to Library Science
260 _bABC Publishing
_c2018
942 _2ddc
_cBOOK
_n0
999 _c1958
_d1958